<?xml version="1.0" encoding="UTF-8"?>
<record
    xmlns:xsi="http://www.w3.org/2001/XMLSchema-instance"
    xsi:schemaLocation="http://www.loc.gov/MARC21/slim http://www.loc.gov/standards/marcxml/schema/MARC21slim.xsd"
    xmlns="http://www.loc.gov/MARC21/slim">

  <leader>00390nam a22001457a 4500</leader>
  <controlfield tag="005">20260205150500.0</controlfield>
  <controlfield tag="008">260205b        |||||||| |||| 00| 0 eng d</controlfield>
  <datafield tag="020" ind1=" " ind2=" ">
    <subfield code="a">978-3-031-43117-3</subfield>
  </datafield>
  <datafield tag="100" ind1=" " ind2=" ">
    <subfield code="a">LINCKE, SUSAN</subfield>
  </datafield>
  <datafield tag="245" ind1=" " ind2=" ">
    <subfield code="a">INFORMATION SECURITY PLANNING</subfield>
    <subfield code="b">A PRACTICAL APPROACH</subfield>
  </datafield>
  <datafield tag="250" ind1=" " ind2=" ">
    <subfield code="a">2ND ED</subfield>
  </datafield>
  <datafield tag="260" ind1=" " ind2=" ">
    <subfield code="a">KENOSHA, USA</subfield>
    <subfield code="b">SPRINGER</subfield>
    <subfield code="c">2024</subfield>
  </datafield>
  <datafield tag="300" ind1=" " ind2=" ">
    <subfield code="a">XXI, 445P.</subfield>
  </datafield>
  <datafield tag="942" ind1=" " ind2=" ">
    <subfield code="2">lcc</subfield>
    <subfield code="c">BK</subfield>
  </datafield>
  <datafield tag="999" ind1=" " ind2=" ">
    <subfield code="c">216561</subfield>
    <subfield code="d">216561</subfield>
  </datafield>
  <datafield tag="952" ind1=" " ind2=" ">
    <subfield code="0">0</subfield>
    <subfield code="1">0</subfield>
    <subfield code="2">lcc</subfield>
    <subfield code="4">0</subfield>
    <subfield code="6">QA00769 A25 L56  02024</subfield>
    <subfield code="7">0</subfield>
    <subfield code="8">SCT</subfield>
    <subfield code="9">375091</subfield>
    <subfield code="a">KSUL</subfield>
    <subfield code="b">KSUL</subfield>
    <subfield code="c">DISPLAY</subfield>
    <subfield code="d">2026-02-05</subfield>
    <subfield code="i">111048</subfield>
    <subfield code="l">0</subfield>
    <subfield code="o">QA 76.9 .A25L56 2024</subfield>
    <subfield code="p">50917</subfield>
    <subfield code="r">2026-02-05 15:10:41</subfield>
    <subfield code="t">1</subfield>
    <subfield code="w">2026-02-05</subfield>
    <subfield code="y">BK</subfield>
  </datafield>
  <datafield tag="952" ind1=" " ind2=" ">
    <subfield code="0">0</subfield>
    <subfield code="1">0</subfield>
    <subfield code="2">lcc</subfield>
    <subfield code="4">0</subfield>
    <subfield code="6">QA00769 A25 L56  02024</subfield>
    <subfield code="7">0</subfield>
    <subfield code="8">SCT</subfield>
    <subfield code="9">375092</subfield>
    <subfield code="a">KSUL</subfield>
    <subfield code="b">KSUL</subfield>
    <subfield code="c">DISPLAY</subfield>
    <subfield code="d">2026-02-05</subfield>
    <subfield code="i">111049</subfield>
    <subfield code="l">0</subfield>
    <subfield code="o">QA 76.9 .A25L56 2024</subfield>
    <subfield code="p">50921</subfield>
    <subfield code="r">2026-02-05 15:10:00</subfield>
    <subfield code="t">2</subfield>
    <subfield code="w">2026-02-05</subfield>
    <subfield code="y">BK</subfield>
  </datafield>
  <datafield tag="952" ind1=" " ind2=" ">
    <subfield code="0">0</subfield>
    <subfield code="1">0</subfield>
    <subfield code="2">lcc</subfield>
    <subfield code="4">0</subfield>
    <subfield code="6">QA00769 A25 L56  02024</subfield>
    <subfield code="7">0</subfield>
    <subfield code="8">SCT</subfield>
    <subfield code="9">375094</subfield>
    <subfield code="a">KSUL</subfield>
    <subfield code="b">KSUL</subfield>
    <subfield code="c">DISPLAY</subfield>
    <subfield code="d">2026-02-05</subfield>
    <subfield code="i">111050</subfield>
    <subfield code="l">1</subfield>
    <subfield code="o">QA 76.9 .A25L56 2024</subfield>
    <subfield code="p">50919</subfield>
    <subfield code="q">2026-05-11</subfield>
    <subfield code="r">2026-02-10 08:50:22</subfield>
    <subfield code="s">2026-02-10</subfield>
    <subfield code="t">3</subfield>
    <subfield code="w">2026-02-05</subfield>
    <subfield code="y">BK</subfield>
  </datafield>
  <datafield tag="952" ind1=" " ind2=" ">
    <subfield code="0">0</subfield>
    <subfield code="1">0</subfield>
    <subfield code="2">lcc</subfield>
    <subfield code="4">0</subfield>
    <subfield code="6">QA00769 A25 L56  02024</subfield>
    <subfield code="7">0</subfield>
    <subfield code="8">SCT</subfield>
    <subfield code="9">375095</subfield>
    <subfield code="a">KSUL</subfield>
    <subfield code="b">KSUL</subfield>
    <subfield code="c">DISPLAY</subfield>
    <subfield code="d">2026-02-05</subfield>
    <subfield code="i">111051</subfield>
    <subfield code="l">0</subfield>
    <subfield code="o">QA 76.9 .A25L56 2024</subfield>
    <subfield code="p">50923</subfield>
    <subfield code="r">2026-02-05 15:10:00</subfield>
    <subfield code="t">4</subfield>
    <subfield code="w">2026-02-05</subfield>
    <subfield code="y">BK</subfield>
  </datafield>
</record>
